SENTIMENTAL REPUBLIC (Record no. 7962)

MARC details
000 -LEADER
fixed length control field 00292nam a2200133Ia 4500
008 - FIXED-LENGTH DATA ELEMENTS--GENERAL INFORMATION
fixed length control field 260604s9999 xx 000 0 und d
020 ## - INTERNATIONAL STANDARD BOOK NUMBER
International Standard Book Number 9780674297579
082 ## - DEWEY DECIMAL CLASSIFICATION NUMBER
Classification number 944 TU
100 ## - MAIN ENTRY--PERSONAL NAME
Personal name TU, HANG
9 (RLIN) 35200
245 #0 - TITLE STATEMENT
Title SENTIMENTAL REPUBLIC
260 ## - PUBLICATION, DISTRIBUTION, ETC.
Name of publisher, distributor, etc. HBR
500 ## - GENERAL NOTE
General note Republic
942 ## - ADDED ENTRY ELEMENTS (KOHA)
Koha item type Book
Holdings
Date last seen Total Checkouts Full call number Barcode Cost, replacement price Price effective from Koha item type Lost status Damaged status Not for loan Withdrawn status Home library Current library Shelving location Date acquired Cost, normal purchase price BOOK NO
06/04/2026   944 TU 003580 4769.00 06/04/2026 Book         Indian Institute of Management Visakhapatnam Indian Institute of Management Visakhapatnam   06/04/2026 4769.00 TU

Copyright © 2024 Indian Institute of Management Visakhapatnam
Koha v23.05